书目信息 |
| 题名: |
罗易回忆录
|
|
| 作者: | 罗易 , Roy 著 ;山东师范学院外文系 译 | |
| 分册: | 上册 | |
| 出版信息: | 北京 商务印书馆 1978 |
|
| 页数: | 320页 | |
| 开本: | 19cm | |
| 丛书名: | ||
| 单 册: | ||
| 中图分类: | K833.517.5 | |
| 科图分类: | ||
| 主题词: | ||
| 电子资源: | ||
| ISBN: | ||
| 000 | 00781nam0 2200265 45 | |
| 001 | 0178002625 | |
| 005 | 20060911083725.87 | |
| 010 | @dCNY1.65 | |
| 091 | @aCN@b3017.210 | |
| 100 | @a19950725d1978 em y0chiy0121 ea | |
| 101 | 1 | @achi@ceng |
| 102 | @aCN@b110000 | |
| 105 | @ay z 000ya | |
| 200 | 10 | @a罗易回忆录@Aluo yi hui yi lu@h上册@f(印)罗易(M.N.Roy)著@g山东师范学院外文系等译 |
| 210 | @a北京@c商务印书馆@d1978 | |
| 215 | @a320页@d19cm | |
| 300 | @a书名原文:Memoirs | |
| 510 | 1 | @aMemoirs@zeng |
| 600 | 1 | @a罗易@bM.N.@x回忆录 |
| 690 | @aK833.517.5@v3 | |
| 701 | 1 | @a罗易@Aluo yi@bM.N.@4著 |
| 701 | A1 | @aRoy@bM.N.@4著 |
| 712 | 02 | @a山东师范学院外文系@Ashan dong shi fan xue yuan wai wen xi@4译 |
| 801 | 0 | @aCN@bTSSF@c20060911 |
| 905 | @a10447@dK833.517.5@e502:1 | |
| 罗易回忆录.上册/(印)罗易(M.N.Roy)著/山东师范学院外文系等译.-北京:商务印书馆,1978 |
| 320页;19cm |
| 书名原文:Memoirs |
| ISBN :CNY1.65 |
| ● |
| 相关链接 |
|
|
|
|
正题名:罗易回忆录
索取号:K833.517.5/502:1
 
预约/预借
| 序号 | 登录号 | 条形码 | 馆藏地/架位号 | 状态 | 备注 |
| 1 | 0466922 | 204669224 | 密集书库/ [索取号:K833.517.5/502:1] | 在馆 | |
| 2 | 0475390 | 204753908 | 密集书库/ [索取号:K833.517.5/502:1] | 在馆 |